书目信息 |
| 题名: |
道德辩护与道德困境
|
|
| 作者: | 韩丹 著 | |
| 分册: | ||
| 出版信息: | 北京 中央编译出版社 2012 |
|
| 页数: | 252页 | |
| 开本: | 23cm | |
| 丛书名: | 广州市医学伦理学重点研究基地系列丛书 | |
| 单 册: | ||
| 中图分类: | D630.9 | |
| 科图分类: | ||
| 主题词: | 廉政建设 , 伦理学 , 廉政建设--伦理学--研究--中国 | |
| 电子资源: | ||
| ISBN: | 978-7-5117-1408-4 | |
| 000 | 01467nam0 2200313 45 | |
| 001 | 1354490061 | |
| 005 | 20130510101605.50 | |
| 010 | @a978-7-5117-1408-4@dCNY45.00 | |
| 100 | @a20130108d2012 em y0chiy50 ea | |
| 101 | 0 | @achi |
| 102 | @aCN@b110000 | |
| 105 | @ay z 000yy | |
| 106 | @ar | |
| 200 | 1 | @a道德辩护与道德困境@ADao De Bian Hu Yu Dao De Kun Jing@dMoral justification and moral dilemma@e腐败问题的伦理学探究@EFu Bai Wen Ti De Lun Li Xue Tan Jiu@f韩丹著@FHan Dan Zhu@zeng |
| 210 | @a北京@c中央编译出版社@d2012 | |
| 215 | @a252页@d23cm | |
| 225 | 1 | @a广州市医学伦理学重点研究基地系列丛书 |
| 300 | @a广州市医学伦理学重点研究基地 广东省哲学社会科学十一五规划课题“道德辩护与道德困境” 广州市哲学社会科学规划课题“辩之惑” 广州市属高校科研项目“腐败辩护中的道德困境研究” | |
| 330 | @a全书共六章内容。第一章是隐匿的伦理意蕴——腐败的多种面相解读;第二章是伦理之维的缺失——惯用的腐败定义质疑;第三章是伦理阐释——(制度)腐败是什么;第四章是伦理原则的误用——合理化辩护批评;第五章为伦理阐释——为什么反腐败;第六章为预防腐败——美韩日伦理法比较。 | |
| 461 | 0 | @12001 @a广州市医学伦理学重点研究基地系列丛书 |
| 510 | 1 | @aMoral justification and moral dilemma@zeng |
| 517 | 1 | @a腐败问题的伦理学探究@AFu Bai Wen Ti De Lun Li Xue Tan Jiu |
| 606 | 0 | @a廉政建设 |
| 606 | 0 | @a伦理学 |
| 606 | 0 | @a廉政建设@x伦理学@x研究@y中国 |
| 690 | @aD630.9@v5 | |
| 701 | 0 | @a韩丹@AHan Dan@4著 |
| 801 | @aCN@bTANGWEI@c20130109 | |
| 905 | @b0830261-64@dD630.9@e174@f4 | |
| 道德辩护与道德困境=Moral justification and moral dilemma:腐败问题的伦理学探究/韩丹著.-北京:中央编译出版社,2012 |
| 252页;23cm.-(广州市医学伦理学重点研究基地系列丛书) |
| 广州市医学伦理学重点研究基地 广东省哲学社会科学十一五规划课题“道德辩护与道德困境” 广州市哲学社会科学规划课题“辩之惑” 广州市属高校科研项目“腐败辩护中的道德困境研究” |
| ISBN 978-7-5117-1408-4:CNY45.00 |
| 全书共六章内容。第一章是隐匿的伦理意蕴——腐败的多种面相解读;第二章是伦理之维的缺失——惯用的腐败定义质疑;第三章是伦理阐释——(制度)腐败是什么;第四章是伦理原则的误用——合理化辩护批评;第五章为伦理阐释——为什么反腐败;第六章为预防腐败——美韩日伦理法比较。 |
| ● |
| 相关链接 |
|
|
|
|
正题名:道德辩护与道德困境
索取号:D630.9/174
 
预约/预借
| 序号 | 登录号 | 条形码 | 馆藏地/架位号 | 状态 | 备注 |
| 1 | 0830261 | 208302610 | 第一样本阅览室/ [索取号:D630.9/174] | 在馆 | |
| 2 | 0830262 | 208302629 | 第一借阅区/ [索取号:D630.9/174] | 在馆 | |
| 3 | 0830263 | 208302638 | 第一借阅区/ [索取号:D630.9/174] | 在馆 | |
| 4 | 0830264 | 208302647 | 第一借阅区/ [索取号:D630.9/174] | 在馆 |